Quick Pick: 'L' Countries Quiz Stats

 Plays Quiz Updated Aug 8, 2017

Support Sporcle.
Go Orange.
Score 0/9 Timer 00:30
0 Plays Today
% Correct
Luxembourg
91.8%
Lebanon
84.2%
Libya
77%
Latvia
76.7%
Lithuania
66%
Lesotho
58.9%
Liberia
58.4%
Liechtenstein
57.2%
Laos
55.3%

Today's Daily Dose

Missing Word
FPS Games (A-Z)

Quick Pick
Cartoon Lions

Get the Picture
5, 6, 7, or 8 Movies

You're not logged in!

Compare scores with friends on all Sporcle quizzes.
OR
Log In
Forgot?

From the Vault

1-10 Letter P Words

by sproutcm

We know it's wrong, but every time we see the text 'P Words' we can't help but giggle a little.
Remove Ads.
Support Sporcle.
Get the best of Sporcle when you Go Orange. This ad-free experience offers more features, more stats, and more fun while also helping to support Sporcle. Thank you for becoming a member.

Show Comments

Extras

Top Quizzes Today


Score Distribution

Your Account Isn't Verified!

In order to create a playlist on Sporcle, you need to verify the email address you used during registration. Go to your Sporcle Settings to finish the process.

Report this User

Report this user for behavior that violates our Community Guidelines.

Details: